000 00620nam a22001815i 4500
001 171075
003 ES-MaACL
005 20250820152143.0
008 090427s1963 sp |||| | spa d
080 _a821.134.2-4"19"
100 1 _aPérez de Ayala, Ramón,
_d1880-1962
_990763
245 1 0 _aPequeños ensayos /
_cRamón Pérez de Ayala ; [edición recogida y ordenada por J. García Mercadal].
260 _aMadrid :
_bBiblioteca Nueva,
_c1963.
300 _a311 p. ;
_c22 cm.
700 1 _aGarcía Mercadal, J.,
_d1883-1975
_9164264
852 _aES-MaACL
_jG-10680
_9R.144701
999 _c171075
_d171075